000
00199 a2200097 4500
001
38263
100
_a
Swift
245
_a
Gulliver's travels
260
_a
London
_b
Penguin
_c
090
_c
24320
_d
24320
942
_a
NUST-CAE
_c
M
_c
15915
999
_c
273336
_d
273336